000 00700nam a2200265Ia 4500
003 OSt
005 20221006142719.0
006 a|||||r|||| 00| 0
007 ta
008 221006b |||||||| |||| 00| 0 eng d
020 _c
_2.50
024 _a7,007
037 _cTextual
040 _aEASL
_cEASL
_beng
041 _2eng
_aeng
082 _aQ496x1,1, K3
100 _aCHAN Wing-Tsit Tr.
245 0 _aPlatform scripture
260 _aNew York
_bSt. John's University Press
_c1963
300 _a105p.
_ccm.
490 _v Gen
_aAsian Institute Translation, No.3n
650 _aGen
942 _hQ496x1,1, K3
_cTEXL
_2CC
999 _c1075093
_d1075093